| 000 | 01135nam a2200277 i 4500 | ||
|---|---|---|---|
| 001 | 184783 | ||
| 003 | ES-MaACL | ||
| 005 | 20231118134121.0 | ||
| 008 | 151228s2014 sp cd |||| |dspa d | ||
| 080 | _a336.5 | ||
| 111 | 2 |
_aEntretiens de Royaumont ( _d2014. _cMadrid) _9158411 |
|
| 245 | 1 | 0 |
_aImpôt, dépense publique, croissance _b: construire un triangle vertueux : vendredi 26 septembre 2014, Ateneo de Madrid / _cLes Entretiens Royaumont. |
| 246 | 3 | 1 |
_aImpuesto, gasto público, crecimiento _b: construir un triángulo virtuoso : viernes 26 de septiembre de 2014 |
| 260 |
_a[Madrid : _bEntretiens de Royaumont, _c2014] |
||
| 300 |
_a76 p. : _bgráf. col., retr. ; _c21 cm. |
||
| 490 | 1 |
_aLes Entretiens de Royaumont ; _vMadrid |
|
| 546 | _aTexto en francés y español. | ||
| 650 | 0 | 4 |
_aGasto público. _913033 |
| 650 | 0 | 4 |
_aPolítica fiscal. _916296 |
| 710 | 2 |
_aEntretiens de Royaumont. _9158412 |
|
| 710 | 2 |
_aAteneo de Madrid. _91875 |
|
| 830 | 0 |
_aLes Entretiens de Royaumont ; _vMadrid _9225132 |
|
| 852 |
_aES-MaACL _jA-13505 _9191797 _bR.150245 _cDEPO1 _dOlim: N-6505 |
||
| 942 | _2udc | ||
| 999 |
_c184783 _d184783 |
||